| 000 | 00738nam a2200241 i 4500 | ||
|---|---|---|---|
| 001 | 12823 | ||
| 003 | ES-MaACL | ||
| 005 | 20230906150419.0 | ||
| 007 | t| | ||
| 008 | 970128s1996 sp |||| | spa j | ||
| 020 | _a84-7560-905-8 | ||
| 080 | _a860(64).09 | ||
| 100 | 1 |
_aChakor, Mohamed. _937808 |
|
| 245 | 1 | 0 |
_aLiteratura marroquí en lengua castellana / _cMohammad Chakor, Sergio Macías. |
| 260 |
_aMadrid : _bMagalia, _c1996. |
||
| 300 |
_a353 p. : _bil. ; _c20 cm. |
||
| 490 | 1 | _aColección reencuentro | |
| 650 | 1 | 4 |
_aLiteratura marroquí (Español)- _xHistoria y crítica. _914636 |
| 700 | 1 |
_aMacías, Sergio. _975215 |
|
| 830 | 0 |
_aColección reencuentro _9228339 |
|
| 852 |
_aES-MaACL _jL-20161 |
||
| 999 |
_c12823 _d12823 |
||